| 000 | 00487nam a2200193 i 4500 | ||
|---|---|---|---|
| 003 | DO-SdBNP | ||
| 005 | 20250930101523.0 | ||
| 007 | ta | ||
| 008 | 250715b2024 dr ac||| |||| 00| 0 spa d | ||
| 040 |
_aDO-SdBNP _bspa _cBNPHU _erda |
||
| 041 | _aspa | ||
| 100 |
_aAngulo Guridi, Javier _988358 |
||
| 245 | 1 | 0 | _aEnsayos y artÃculos |
| 336 |
_atexto _btxt _2rdacontent |
||
| 337 |
_asin mediación _bn _2rdamedia |
||
| 338 |
_avolumen _bnc _2rdacarrier |
||
| 910 | _aLP. | ||
| 942 |
_2ddc _cLBS1 |
||
| 999 |
_c59539 _d59539 |
||